000 00873nam a2200277 a 4500
001
003 OSt
005 20211001110315.0
006
008 111110s2011 dr ac 001 p spa d
020 _a9789945475128
040 _aDO-SdBNP
_bspa
_cBPMSU
049 _a
082 _aRD860.44
_bE18p 2011
_222
100 1 _aEchavarría, Rubén,
_d1936-2010
245 1 3 _aEl poder de la creación /
_cRubén Echavarría
260 _aSanto Domingo :
_bEdiciones Ferilibro,
_c2011.
300 _a145 p. :
_bil., retr. ;
_c25 cm.
500 _aIncluye datos biograficos del autor
650 4 _aProsa dominicana
650 4 _aPintura dominicana
_xExpocisiones
_vCátalogos
650 4 _aLiteratura dominicana.
_xExposiciones
_vCátalogos
710 2 _aDirección General de la Feria del Libro (República Dominicana)
910 _a VMateo V.
942 _2ddc
_cBK
999 _c13745
_d13745